Language Quiz

Random Language or German Quiz

German question words / phrases (Ger-Eng) Quiz Stats

 Plays Quiz not verified by Sporcle

Also try: Just B & T
Challenge
Share
Tweet
Embed
Score 0/17 Timer 05:00
0 Plays Today
Deutsch Englisch % Correct
wiehow
97.7%
waswhat
95.3%
wannwhen
95.3%
werwho
93%
warumwhy
88.4%
wie vielehow many
81.4%
welchewhich
74.4%
mit wemwith whom
72.1%
wievielhow much
72.1%
Deutsch Englisch % Correct
wohinwhere to
65.1%
woherwhere from
62.8%
wen (acc)whom
53.5%
wiesohow come
39.5%
weshalbfor what reason
30.2%
für wie langehow long for (future)
25.6%
was fürwhat sort of
20.9%
seit wannhow long for (past)
20.9%

You're not logged in!

Compare scores with friends on all Sporcle quizzes.
OR
Log In

You Might Also Like...

Show Comments

Extras

Created Oct 16, 2011ReportNominate
Tags:German Quiz, phrase

Top Quizzes Today


Score Distribution

Your Account Isn't Verified!

In order to create a playlist on Sporcle, you need to verify the email address you used during registration. Go to your Sporcle Settings to finish the process.

Report this User

Report this user for behavior that violates our Community Guidelines.

Details: